Parasites In The intestines Of​ pigs in prek phthal Commune, angkor borei District, takeo province. បរាសិតក្នុងក្រពះ​ពោះវៀនជ្រូក នៅឃុំព្រែកផ្ទោល ស្រុកអង្គរបូរី ខេត្តតាកែវ (Record no. 25588)

000 -LEADER
fixed length control field 00612nam a22001217a 4500
040 ## - CATALOGING SOURCE
Transcribing agency RUA
082 ## - DEWEY DECIMAL CLASSIFICATION NUMBER
Classification number VEM HEM 2025 B705 Or.1
100 ## - MAIN ENTRY--AUTHOR NAME
Personal name HEM SOPHORN, ហែម សោភ័ណ្ណ
245 ## - TITLE STATEMENT
Title Parasites In The intestines Of​ pigs in prek phthal Commune, angkor borei District, takeo province. បរាសិតក្នុងក្រពះ​ពោះវៀនជ្រូក នៅឃុំព្រែកផ្ទោល ស្រុកអង្គរបូរី ខេត្តតាកែវ
260 ## - PUBLICATION, DISTRIBUTION, ETC. (IMPRINT)
Place of publication PHNOM PENH
Name of publisher RUA
Year of publication 2025
300 ## - PHYSICAL DESCRIPTION
Number of Pages xi, 48p.
Other physical details ill.
Dimensions 29cm.
942 ## - ADDED ENTRY ELEMENTS (KOHA)
Koha item type សារណាបទ
952 ## - LOCATION AND ITEM INFORMATION (KOHA)
Withdrawn status [LOCAL, KOHA] 0
952 ## - LOCATION AND ITEM INFORMATION (KOHA)
Withdrawn status [LOCAL, KOHA] 0
Holdings
Permanent Location Date acquired Koha item type Lost status Shelving location Barcode Current Location Full call number
Library Block B2026-03-17សារណាបទ B705B7121234Library Block BVEM HEM 2025 B705 Or.1
Library Block B2026-03-17សារណាបទ B705B7121216Library Block BVEM HEM 2025 B705 Or.2
មជ្ឈមណ្ឌលឯការនៃសាកលវិទ្យាល័យភូមិន្ទកសិកម្មចំការដូង

Powered by Koha